Catálogo
 En Linea

Alcoholismo, medicina y sociedad en España (1876-1923) / (Registro nro. 17361)

Detalles MARC
000 -CABECERA
campo de control de longitud fija 00733nam a2200217 a 4500
001 - NÚMERO DE CONTROL
campo de control 000017837
005 - FECHA Y HORA DE LA ÚLTIMA TRANSACCIÓN
campo de control 20200929165241.0
008 - DATOS DE LONGITUD FIJA--INFORMACIÓN GENERAL
campo de control de longitud fija 100406s1997 sp 000 0 spa d
020 ## - NÚMERO INTERNACIONAL ESTÁNDAR DEL LIBRO
Número Internacional Estándar del Libro 8400076796
040 ## - FUENTE DE LA CATALOGACIÓN
Centro catalogador/agencia de origen DO-SdBNP
082 ## - NÚMERO DE LA CLASIFICACIÓN DECIMAL DEWEY
Número de clasificación xxx
Número de documento/Ítem C198a
100 1# - ENTRADA PRINCIPAL--NOMBRE DE PERSONA
Nombre de persona Campos Marín, Ricardo
9 (RLIN) 38738
245 10 - MENCIÓN DE TÍTULO
Título Alcoholismo, medicina y sociedad en España (1876-1923) /
Mención de responsabilidad, etc. Ricardo Campos Marín.
260 ## - PUBLICACIÓN, DISTRIBUCIÓN, ETC.
Lugar de publicación, distribución, etc. Madrid :
Nombre del editor, distribuidor, etc. Consejo Superior de Investigaciones Científicas,
Fecha de publicación, distribución, etc. 1997.
300 ## - DESCRIPCIÓN FÍSICA
Extensión 303 p. ;
Dimensiones 21 cm.
490 1# - MENCIÓN DE SERIE
Mención de serie Estudio sobre la ciencia ;
Designación de volumen o secuencia 23 ;
504 ## - NOTA DE BIBLIOGRAFÍA, ETC.
Nota de bibliografía, etc. Bibliografía p: 291-303
500 ## - NOTA GENERAL
Nota general Incluye notas al pie de las páginas
590 ## - NOTA LOCAL (RLIN)
Nota local Inventariado, 2019/ YL
830 #0 - PUNTO DE ACCESO ADICIONAL DE SERIE-TÍTULO UNIFORME
Título uniforme Estudios sobre la ciencia
Designación de volumen o secuencia 23
9 (RLIN) 38739
Existencias
Estado de retiro Estado de pérdida Restricciones de uso No para préstamo Código de colección Localización permanente Ubicación/localización actual Ubicación en estantería Fecha de adquisición Número de inventario Total de préstamos Signatura topográfica completa Código de barras Fecha visto por última vez Precio válido a partir de Tipo de ítem Koha
      Excluido de préstamo Monografías: Libros y Folletos General General En catalogación 28.11.2013 LF1   xxx C198a 17837-60 25.06.2020 25.06.2020 No se presta

Con tecnología Koha